<?xml version="1.0" encoding="UTF-8"?>
<record
    xmlns:xsi="http://www.w3.org/2001/XMLSchema-instance"
    xsi:schemaLocation="http://www.loc.gov/MARC21/slim http://www.loc.gov/standards/marcxml/schema/MARC21slim.xsd"
    xmlns="http://www.loc.gov/MARC21/slim">

  <leader>01758nam a2200241 a 4500</leader>
  <controlfield tag="001">14896</controlfield>
  <controlfield tag="003">CO-ViMGA</controlfield>
  <controlfield tag="008">141112s2004    ck      r     000 u spa d</controlfield>
  <datafield tag="020" ind1=" " ind2=" ">
    <subfield code="a">9588089670</subfield>
  </datafield>
  <datafield tag="040" ind1=" " ind2=" ">
    <subfield code="a">CO-ViMGA</subfield>
    <subfield code="b">spa</subfield>
    <subfield code="c">CO-ViMGA</subfield>
  </datafield>
  <datafield tag="082" ind1="0" ind2="4">
    <subfield code="a">370.115 T425n</subfield>
  </datafield>
  <datafield tag="110" ind1=" " ind2=" ">
    <subfield code="a">Tiempo (Bogot&#xE1;)</subfield>
    <subfield code="9">21611</subfield>
  </datafield>
  <datafield tag="245" ind1="1" ind2="0">
    <subfield code="a">Nuestra naci&#xF3;n : </subfield>
    <subfield code="b">civica y democracia</subfield>
  </datafield>
  <datafield tag="260" ind1=" " ind2=" ">
    <subfield code="a">Bogot&#xE1; : </subfield>
    <subfield code="b">Llano 7 dias, </subfield>
    <subfield code="c">2002</subfield>
  </datafield>
  <datafield tag="300" ind1=" " ind2=" ">
    <subfield code="a">109.p.il.</subfield>
  </datafield>
  <datafield tag="505" ind1=" " ind2=" ">
    <subfield code="a">La civica y sus valores 10 - - Colombia, nuestro pa&#xED;s 12 - - Los simbolos patrios 14 - - La naci&#xF3;n Colombiana 20 - - Colombia en el mundo : Organismos internacionales 22 - - El estado Colombiano 24 - - Historia de la constituci&#xF3;n 26 - - Derechos fundamentales 30 - - Los derechos de los ni&#xF1;os 34 - - Derechos y deberes ciudadanos 36 - - Los derechos laborales 38 - - Nacionalidad y ciudadania 40 - - El regimen democr&#xE1;tico 46 - - Los partidos pol&#xED;ticos 48 - - Partidos contemporaneos 50 - - La participaci&#xF3;n ciudadana 52 - - Las autoridades electorales 56 - - El poder p&#xFA;blico 58 - - Los presidentes del siglo XX 68 - - Entidades territoriales 74 - - La fuerza p&#xFA;blica 80 - - El poder lejislativo 84 - - El capitolio Nacional 88 - - El poder judicial 90 - - Organismos de control 94 - - La familia en Colombia 96 - - La sociedad civil 99 - - Los servicios p&#xFA;blicos 102 - - El amoblamiento urbano 104 - - Las se&#xF1;ales de transito 106 - - Tolima tierra de Pijaos 112 - - Boyac&#xE1; cuna de la libertad 114 - - Meta alma del llano 116 - - Los hermanos llaneros 118  </subfield>
  </datafield>
  <datafield tag="590" ind1=" " ind2=" ">
    <subfield code="a">Ejemplares : 3</subfield>
  </datafield>
  <datafield tag="650" ind1="1" ind2="4">
    <subfield code="a">COLOMBIA - ASPECTOS POLITICOS</subfield>
    <subfield code="9">21612</subfield>
  </datafield>
  <datafield tag="650" ind1="1" ind2="4">
    <subfield code="a">COLOMBIA - ASPECTOS SOCIALES</subfield>
    <subfield code="9">8034</subfield>
  </datafield>
  <datafield tag="650" ind1="1" ind2="4">
    <subfield code="a">DEMOCRACIA - COLOMBIA</subfield>
    <subfield code="9">21613</subfield>
  </datafield>
  <datafield tag="650" ind1="1" ind2="4">
    <subfield code="a">educaci&#xF3;n CIVICA - COLOMBIA</subfield>
    <subfield code="9">21614</subfield>
  </datafield>
  <datafield tag="942" ind1=" " ind2=" ">
    <subfield code="2">ddc</subfield>
    <subfield code="c">BK</subfield>
  </datafield>
  <datafield tag="999" ind1=" " ind2=" ">
    <subfield code="c">25367</subfield>
    <subfield code="d">25367</subfield>
  </datafield>
  <datafield tag="952" ind1=" " ind2=" ">
    <subfield code="0">0</subfield>
    <subfield code="1">0</subfield>
    <subfield code="2">ddc</subfield>
    <subfield code="4">0</subfield>
    <subfield code="7">0</subfield>
    <subfield code="8">003</subfield>
    <subfield code="a">MEVIECAR</subfield>
    <subfield code="b">MEVIECAR</subfield>
    <subfield code="d">2015-12-04</subfield>
    <subfield code="h">Volumen. 1 | 11/jun/2009</subfield>
    <subfield code="l">0</subfield>
    <subfield code="o">370.115 T425n </subfield>
    <subfield code="p">14896</subfield>
    <subfield code="r">2015-12-04 00:00:00</subfield>
    <subfield code="t">Ej. 1</subfield>
    <subfield code="w">2015-12-04</subfield>
    <subfield code="y">BK</subfield>
  </datafield>
  <datafield tag="952" ind1=" " ind2=" ">
    <subfield code="0">0</subfield>
    <subfield code="1">0</subfield>
    <subfield code="2">ddc</subfield>
    <subfield code="4">0</subfield>
    <subfield code="7">0</subfield>
    <subfield code="8">003</subfield>
    <subfield code="a">MEVIECAR</subfield>
    <subfield code="b">MEVIECAR</subfield>
    <subfield code="d">2015-12-04</subfield>
    <subfield code="h">Volumen. 1 | 11/jun/2009</subfield>
    <subfield code="l">0</subfield>
    <subfield code="o">370.115 T425n </subfield>
    <subfield code="p">14896 - 1</subfield>
    <subfield code="r">2018-05-22 00:00:00</subfield>
    <subfield code="t">Ej. 1</subfield>
    <subfield code="w">2015-12-04</subfield>
    <subfield code="y">BK</subfield>
  </datafield>
</record>
